Office automation : a systems approach /
The concept of office automation. Careers in office systems. Organizational and systems concepts. Office systems platforms. Office productivity tools. Document management. Information management. Telecommunications. Human factors in the automated office. Office systems strategic planning...
Wedi'i Gadw mewn:
| Prif Awdur: | |
|---|---|
| Awduron Eraill: | , |
| Fformat: | Llyfr |
| Iaith: | English |
| Cyhoeddwyd: |
Cincinnati :
South-Western Education,
1995.
|
| Rhifyn: | 3rd ed. |
| Pynciau: | |
| Tagiau: |
Ychwanegu Tag
Dim Tagiau, Byddwch y cyntaf i dagio'r cofnod hwn!
|
| Thư viện lưu trữ: | Mạng thư viện Đại học Đà Nẵng |
|---|
| LEADER | 01250cam a2200373 i 4500 | ||
|---|---|---|---|
| 001 | 000047464 | ||
| 003 | 7141 | ||
| 005 | 20030311110217.0 | ||
| 008 | 010324|1995 vm 000 eng | ||
| 020 | |a 0538710470 | ||
| 040 | |a IRC |c IRC |d IRC | ||
| 041 | 0 | |a eng | |
| 082 | 1 | 4 | |a 651.7 |b RA-C |
| 100 | 1 | |a Ray, Charles M. | |
| 245 | 0 | 0 | |a Office automation : |b a systems approach / |c Charles Ray, Janet Palmer, Amy D. Wohl. |
| 250 | |a 3rd ed. | ||
| 260 | |a Cincinnati : |b South-Western Education, |c 1995. | ||
| 300 | |a 625 p. : |b ill. ; |c 24cm. | ||
| 520 | 3 | |a The concept of office automation. Careers in office systems. Organizational and systems concepts. Office systems platforms. Office productivity tools. Document management. Information management. Telecommunications. Human factors in the automated office. Office systems strategic planning... | |
| 630 | 0 | 4 | |a Office practice. |
| 630 | 0 | 4 | |a Automation. |
| 650 | 0 | 4 | |a Office practice |x Automation. |
| 700 | 1 | |a Palmer, Janet. | |
| 700 | 1 | |a Wohl, Amy D. | |
| OWN | |a DUT | ||
| 999 | |a From the UDN01 | ||
| TYP | |a Monograph | ||
| TYP | |a Printed language | ||
| 980 | |a Mạng thư viện Đại học Đà Nẵng | ||


